000 00549nam a2200181Ia 4500
003 LK-CoDNM
008 010623t1977 xxu||||| |||| 00| 1 sin d
040 _aLK-CoDNM
_dLK-CoDNM
_eLK-CoDNM
041 _asin
080 _ax 92 JAY
245 _aගරු ජේ.ආර්යජයවර්ධන මැතිතුමා-මෙන්න නව අගමැති
246 _aGaru J.R.Jayawardena methithuma-menna nava agamethi
260 _b
_c1977
300 _b11, 21 cm
650 _aBiography
650 _aJ.R.Jayawardena
942 _cBK
999 _c110215
_d110215